Гражданское право: учебное пособие для вузов
| المؤلف الرئيسي: | |
|---|---|
| مؤلف مشترك: | |
| الملخص: | Заглавие с титульного экрана Электронная версия печатной публикации В пособии раскрываются основные положения гражданского права, механизм реализации важнейших гражданских прав, способы их защиты, особенности обязательственных и договорных отношений. Позволяет в доступной для понимания форме в короткие сроки ознакомиться с ключевыми положениями основополагающей отрасли права, а предлагаемые в конце каждой темы контрольные вопросы помогают контролировать степень усвоения материала. Предназначено для студентов, обучающихся по специальности "Документоведение и документационное обеспечение управления", изучающих курс "Гражданское право" по программе дневного образования. Режим доступа: из корпоративной сети ТПУ |
| اللغة: | الروسية |
| منشور في: |
Томск, Изд-во ТПУ, 2013
|
| الموضوعات: | |
| الوصول للمادة أونلاين: | http://www.lib.tpu.ru/fulltext2/m/2014/m124.pdf |
| التنسيق: | MixedMaterials الكتروني كتاب |
| KOHA link: | https://koha.lib.tpu.ru/cgi-bin/koha/opac-detail.pl?biblionumber=260533 |
MARC
| LEADER | 00000nlm0a2200000 4500 | ||
|---|---|---|---|
| 001 | 260533 | ||
| 005 | 20231031221200.0 | ||
| 035 | |a (RuTPU)RU\TPU\book\283484 | ||
| 090 | |a 260533 | ||
| 100 | |a 20140516d2013 m y0rusy50 ca | ||
| 101 | 0 | |a rus | |
| 102 | |a RU | ||
| 105 | |a a j 001zy | ||
| 135 | |a drgn ---uucaa | ||
| 181 | 0 | |a i | |
| 182 | 0 | |a b | |
| 200 | 1 | |a Гражданское право |b Электронный ресурс |e учебное пособие для вузов |f М. Ю. Литвинцева |g Национальный исследовательский Томский политехнический университет (ТПУ) | |
| 203 | |a Текст |c электронный | ||
| 210 | |a Томск |c Изд-во ТПУ |d 2013 | ||
| 230 | |a 1 компьютерный файл (pdf; 777 KB) | ||
| 300 | |a Заглавие с титульного экрана | ||
| 300 | |a Электронная версия печатной публикации | ||
| 330 | |a В пособии раскрываются основные положения гражданского права, механизм реализации важнейших гражданских прав, способы их защиты, особенности обязательственных и договорных отношений. Позволяет в доступной для понимания форме в короткие сроки ознакомиться с ключевыми положениями основополагающей отрасли права, а предлагаемые в конце каждой темы контрольные вопросы помогают контролировать степень усвоения материала. Предназначено для студентов, обучающихся по специальности "Документоведение и документационное обеспечение управления", изучающих курс "Гражданское право" по программе дневного образования. | ||
| 333 | |a Режим доступа: из корпоративной сети ТПУ | ||
| 337 | |a Adobe Reader | ||
| 451 | 1 | |0 (RuTPU)RU\TPU\book\212853 |t Гражданское право |o учебное пособие для вузов |f М. Ю. Литвинцева |g Национальный исследовательский Томский политехнический университет (ТПУ) |c Томск |n Изд-во ТПУ |d 2010 |a Литвинцева, Марина Юрьевна | |
| 606 | 1 | |a Гражданское право |2 stltpush |3 (RuTPU)RU\TPU\subj\8516 | |
| 610 | 1 | |a электронный ресурс | |
| 610 | 1 | |a труды учёных ТПУ | |
| 610 | 1 | |a учебные пособия | |
| 610 | 1 | |a право | |
| 610 | 1 | |a гражданские права | |
| 610 | 1 | |a гражданские правоотношения | |
| 610 | 1 | |a гражданское законодательство | |
| 610 | 1 | |a граждане | |
| 610 | 1 | |a юридические лица | |
| 610 | 1 | |a государство | |
| 610 | 1 | |a правительство | |
| 610 | 1 | |a доверенность | |
| 610 | 1 | |a сделки | |
| 610 | 1 | |a исковая давность | |
| 610 | 1 | |a собственность | |
| 610 | 1 | |a защита | |
| 610 | 1 | |a обязательства | |
| 610 | 1 | |a договор купли-продажи | |
| 610 | 1 | |a договор поставки | |
| 610 | 1 | |a договор перевозки | |
| 610 | 1 | |a договор | |
| 686 | |a Х623я73 |v LBC/SL-A |2 rubbk | ||
| 700 | 1 | |a Литвинцева |b М. Ю. |c специалист в области права |c старший преподаватель Томского политехнического университета |g Марина Юрьевна |2 stltpush |3 (RuTPU)RU\TPU\pers\27973 | |
| 712 | 0 | 2 | |a Национальный исследовательский Томский политехнический университет (ТПУ) |b Институт социально-гуманитарных технологий (ИСГТ) |b Кафедра социологии, психологии и права (СОЦ) |h 41 |2 stltpush |3 (RuTPU)RU\TPU\col\18373 |
| 801 | 2 | |a RU |b 63413507 |c 20160616 |g RCR | |
| 856 | 4 | |u http://www.lib.tpu.ru/fulltext2/m/2014/m124.pdf | |
| 942 | |c CF | ||